Click Through the Maze II Quiz Stats

 Plays Quiz Updated Jun 24, 2017

Support Sporcle.
Go Orange.
Score 0/101 Timer 03:00
5 Plays Today
% Correct
???
88.9%
???
88.2%
???
88.1%
???
87.6%
???
87%
???
86.6%
???
86.4%
???
86.3%
???
86.3%
???
86.3%
???
86.2%
???
86.1%
???
85.8%
???
85.6%
???
85.5%
???
85.4%
???
85.3%
???
85%
???
84.8%
???
84.7%
???
84.2%
???
84%
???
83.9%
???
83.7%
???
83.6%
???
83.6%
???
83.6%
???
83.5%
???
83.4%
???
83.3%
???
83.3%
???
83%
???
83%
???
83%
% Correct
???
82.9%
???
82.9%
???
82.8%
???
82.8%
???
82.7%
???
82.7%
???
82.6%
???
82.6%
???
82.6%
???
82.5%
???
82.5%
???
82.4%
???
82.4%
???
82.3%
???
82.3%
???
82.3%
???
82.2%
???
82.2%
???
82.1%
???
82%
???
82%
???
81.9%
???
81.9%
???
81.8%
???
81.8%
???
81.8%
???
81.7%
???
81.7%
???
81.6%
???
81.6%
???
81.6%
???
81.6%
???
81.6%
???
81.5%
% Correct
???
81.4%
???
81.3%
???
81.2%
???
81.2%
???
81.1%
???
81.1%
???
81.1%
???
81%
???
81%
???
80.9%
???
80.9%
???
80.8%
???
80.6%
???
80.6%
???
80.5%
???
80.3%
???
80.2%
???
80.2%
???
80%
???
79.9%
???
79.9%
???
79.9%
???
79.7%
???
79.7%
???
79.6%
???
79.5%
???
79.2%
???
79.1%
???
79.1%
???
78.3%
???
78.1%
???
74%
???
70.4%

You're not logged in!

Compare scores with friends on all Sporcle quizzes.
OR
Log In
Forgot?

From the Vault

Country Music HOF

by Ben

Trisha Yearwood once worked as a tour guide at the Country Music Hall of Fame, despite that, she is not listed on this quiz.
Remove Ads.
Support Sporcle.
Get the best of Sporcle when you Go Orange. This ad-free experience offers more features, more stats, and more fun while also helping to support Sporcle. Thank you for becoming a member.

Show Comments

Extras

Top Quizzes Today


Score Distribution

Your Account Isn't Verified!

In order to create a playlist on Sporcle, you need to verify the email address you used during registration. Go to your Sporcle Settings to finish the process.

Report this User

Report this user for behavior that violates our Community Guidelines.

Details: